Políticas industriales de Centroamérica y Panamá
Uloženo v:
| Médium: | Text |
|---|---|
| Témata: | |
| Tagy: |
Přidat tag
Žádné tagy, Buďte první, kdo vytvoří štítek k tomuto záznamu!
|
MARC
| LEADER | 00000 a a2200000 04500 | ||
|---|---|---|---|
| 001 | 16142 | ||
| 003 | |||
| 040 | |||
| 245 | |a Políticas industriales de Centroamérica y Panamá | ||
| 650 | |a POLITICA INDUSTRIAL | ||
| 650 | |a ARANCELES | ||
| 650 | |a EXPORTACIONES | ||
| 650 | |a COOPERACION INTERNACIONAL | ||
| 650 | |a INVERSIONES EXTRANJERAS | ||
| 650 | |a IMPORTACIONES | ||
| 650 | |a INCENTIVOS | ||
| 650 | |a IMPORTACIONES | ||
| 650 | |a EXPORTACIONES | ||
| 773 | |g número 49; páginas 299-319 | ||
| 999 | |c 29568 |d 29568 | ||
